Stati per emissioni di CO2 - Statistics

Statistiche generali
  • Questo quiz è stato fatto 13 volte
  • Il punteggio medio è 14 su 15
Statistiche sulle risposte
Emissioni di anidride carbonica(migliaia tonnellate/anno) Continente Nazione % Corretto
582 072,9 America del Nord Canada
100%
12 667 428,4 Asia Cina
100%
1 909 039,3 Asia / Europa Russia
100%
4 853 780,2 America del Nord Stati Uniti
100%
607 907,5 Asia Arabia Saudita
92%
466 770,4 America del Sud Brasile
92%
635 503,0 Asia Corea del Sud
92%
673 595,3 Europa Germania
92%
1 082 645,4 Asia Giappone
92%
2 693 034,1 Asia India
92%
686 415,7 Asia Iran
92%
404 974,5 Africa Sudafrica
92%
481 247,5 Asia / Europa Turchia
92%
487 774,0 America del Nord Messico
83%
692 236,1 Asia Indonesia
75%
Nessun quiz corrispondente trovato
Distribuzione punteggi
Percentuale di utenti per punteggio
Percentile per numero di risposta
I tuoi punteggi nel tempo
Non hai fatto questo quiz